LEADER 01268nam a2200313 i 4500 001 000000121547 003 CaOOAMICUS 005 20031223000000.0 008 031223s1995 it u000 u ita u 013 $a94242 020 $a88-18-89019-0 040 $aSeMil$bita 100 1 $aMcWhorter, Lucullus Virgil.$0(OLS)http://semarc/name/50535 240 10$aYellow Wolf : his Own Story.$0(OLS)http://semarc/title/178943 245 10$aLupo giallo /$cLucullus Virgil McWhorter ; traduzione dall'inglese di Piero Pieroni. 260 $aMilano :$bRusconi,$c1995. 300 $a305 p. ;$c22 cm. 490 0 $aLa sacra pipa 500 $aContiene : Bibliografia. - Fondo Card. C.M. Martini. 650 4$aIndiani d'America - Nasi forati.$0(OLS)http://semarc/subject/23001 700 1 $aPieroni, Piero.$0(OLS)http://semarc/name/50536 830 3$aLa sacra pipa.$0(OLS)http://semarc/title/14219 850 $aSeMil 852 $aSeMil$W1$xVenegono$y1$m3R IV 8$j270945$B76616$CSeMilBibl$Z2$F78308 $81 941 1 $a4 961 $aOmaggio: Martini Card. Carlo Maria 996 $6020$a88-18-89019-0$9(OLS)http://semarc/number/107033 996 $6245$aLupo giallo$9(OLS)http://semarc/title/178942 996 $6260$aMilano :$bRusconi$9(OLS)http://semarc/publisher/30258